Vector-valued functions and their applications

Gespeichert in:
Bibliographische Detailangaben
Hauptverfasser: Hu, Chuang-Gan (VerfasserIn), Yang, Chung-Chun (VerfasserIn)
Format: Buch
Sprache:Englisch
Veröffentlicht: Dordrecht Kluwer Academic Publishers 1992
Schriftenreihe:Mathematics and its Applications. Chinese Series, 3
Schlagworte:
Tags: Tag hinzufügen
Keine Tags, Fügen Sie den ersten Tag hinzu!

MARC

LEADER 00000nam a2200000 a 4500
001 UCW1788
003 CL-VaPUC
008 930908e19920000NE |||||||||||||||||eng|d
082 0 4 |a 515.9  |b HUC  |2 21 
100 0 |a Hu, Chuang-Gan  |e author  |9 305857 
700 0 |a Yang, Chung-Chun  |e author  |9 305858 
245 1 0 |a Vector-valued functions and their applications 
300 |a 160 p 
942 |c BK 
945 |d 19930908 00:00:00 
260 |a Dordrecht  |b Kluwer Academic Publishers  |c 1992 
650 0 |a Funciones   |9 263869 
583 |a last modification  |c 20120530 10:56:23  |k Rodrigo Vera 
490 0 |a Mathematics and its Applications. Chinese Series, 3 
999 |c 216608  |d 216606 
952 |0 0  |1 0  |4 0  |6 515_900000000000000_HUC_1992  |7 0  |8 A  |9 202469  |a BIBMAT  |b BIBMAT  |d 2019-11-14  |i 2695693  |o 515.9 HUC 1992  |p 2695693  |r 2025-01-07  |w 2019-11-14  |y BK  |k MAT